| Tag |
First Indicator |
Second Indicator |
Subfields |
| LEADER |
00000cam a2200000 i 4500 |
| 001 |
in00004635887 |
| 006 |
m o d |
| 007 |
cr ||||||||||| |
| 008 |
210226s2020 bl o ||| 0 por d |
| 005 |
20230103223552.1 |
| 035 |
|
|
|a (OCoLC)on1239962706
|
| 040 |
|
|
|a YDX
|b eng
|c YDX
|d JSTOR
|d OCLCO
|d OCLCF
|d HTM
|
| 020 |
|
|
|a 6586213223
|q (electronic bk.)
|
| 020 |
|
|
|a 9786586213225
|q (electronic bk.)
|
| 035 |
|
|
|a (OCoLC)1239962706
|
| 037 |
|
|
|a 22573/ctv1gr1tfr
|b JSTOR
|
| 050 |
|
4 |
|a P57.B6
|
| 082 |
0 |
4 |
|a 418.0071081
|2 23
|
| 049 |
|
|
|a TXAM
|
| 245 |
0 |
0 |
|a Nós, professores:
|b reflexões e memórias do trabalho com o ensino e aprendizagem de línguas /
|c Simone Bueno Borges da Silva, Patrícia Argôlo Rosa, Raulino Batista Figueiredo Neto
|
| 250 |
|
|
|a Forst Edotopm
|
| 260 |
|
|
|a Bahia :
|b SciELO - Editus - Editora da UESC,
|c 2020.
|
| 300 |
|
|
|a 1 online resource (145 pages)
|
| 336 |
|
|
|a text
|b txt
|2 rdacontent
|
| 337 |
|
|
|a computer
|b c
|2 rdamedia
|
| 338 |
|
|
|a online resource
|b cr
|2 rdacarrier
|
| 520 |
|
|
|a The eight texts gathered in the book bring the voice of teachers who daily experience the dilemmas and pleasures of the profession, presenting texts that are sometimes memoirs that engender reflections on pedagogical praxis, sometimes essays discussing concepts that support the didactic choices.
|
| 650 |
|
0 |
|a Language and languages
|x Study and teaching (Higher)
|z Brazil.
|
| 650 |
|
0 |
|a College teachers
|z Brazil.
|
| 650 |
|
7 |
|a College teachers.
|2 fast
|0 (OCoLC)fst00868114
|
| 650 |
|
7 |
|a Language and languages
|x Study and teaching (Higher)
|2 fast
|0 (OCoLC)fst00992260
|
| 651 |
|
7 |
|a Brazil.
|2 fast
|0 (OCoLC)fst01206830
|
| 655 |
|
7 |
|a Electronic books.
|2 local
|
| 710 |
2 |
|
|a JSTOR (Organization)
|
| 856 |
4 |
0 |
|u https://www.jstor.org/stable/10.7476/9786586213225
|z Connect to the full text of this electronic book
|t 0
|
| 955 |
|
|
|a JSTOR Open Access ebooks
|
| 994 |
|
|
|a 92
|b TXA
|
| 999 |
f |
f |
|s 1942ae51-8099-4dcb-b30f-c4a7a1c49d3f
|i ea8df70d-7712-4b99-9578-a1fa87021a50
|t 0
|
| 952 |
f |
f |
|a Texas A&M University
|b College Station
|c Electronic Resources
|d Available Online
|t 0
|e P57.B6
|h Library of Congress classification
|
| 998 |
f |
f |
|a P57.B6
|t 0
|l Available Online
|